Statistiques concernant Pokémon - Les attaques de Tarinorme

Cliquez ici pour prendre le quiz!

Statistiques générales

  • Ce quiz a été pris 16 fois
  • Le résultat moyen est 12 sur 21

Statistiques - réponses

NiveauxTypesNoms des attaques% Correct
DépartNormalCharge
100%
Niveau 13ÉlectriqueCage-Éclair
90%
Niveau 43ÉlectriqueÉlecanon
90%
Départ
Niveau 4
AcierMur de Fer
90%
Niveau 40RocheLame de Roc
80%
Niveau 34RocheTempête de Sable
80%
DépartÉlectriqueVol Magnétik
80%
Niveau 22RocheÉboulement
70%
Départ
Niveau 7
NormalBarrage
60%
Niveau 37SolTelluriforce
60%
Niveau 43NormalVerrouillage
60%
Niveau 31ÉlectriqueCoup d'Jus
50%
Niveau 19ÉlectriqueÉtincelle
50%
Niveau 28RocheBoule Roc
40%
DépartÉlectriqueMagné-Contrôle
40%
Niveau 25RocheRayon Gemme
40%
Niveau 16PsyRepos
40%
Départ
Niveau 10
AcierBombaimant
30%
DépartRocheGarde Large
30%
Départ
Évolution
NormalTriplattaque
30%
DépartPsyGravité
20%

Distribution des résultats

Percentile par nombre de réponses

% des personnes avec chaque résultat

Votre développement - résultats

Vous n’avez pas pris ce quiz